1581 1996 1606 1352 1609 1251 1504 1640 1487 1396 1855 1853 1812 1788 1862 1673 1660 1080 1489 1005 1189 1938 1867 1315 1284 1820 1219 1531 1162 1073 1497 1468 1414 1422 1982 1000 1683 1865 1517 1903 1891 1941 1395 1140 1790 1582 1961 1444 1598 1278 1293 1751 1218 1525 1795 1536 1149 1796 1948 1102 1150 1025 1734 1486 1335 1912 1044 1604 1278 1998 1556 1758 1009 1250 1489 1695 1036 1751 1189 1102 1002 1152 1678 1309 1886 1027 1840 1148 1339 1806 1750 1469 1219 1557 1457 1934 1674 1505 1843 BCNSPRNW ULIB Ver.6.0+V

เปลี่ยนเป็นภาษาไทย

Change to English
 แสดงรายละเอียดบรรณานุกรม
  กลับหน้าหลัก

Brief Record : Get Marc (ISO 2709) : E-mail record : QR code < ปิดหน้าต่าง
LEADER : 00000nam 2200000uu 4500
001    13399109601
003     ULIB
008    110405s2551||||th 000 0 tha d
020    9789743488122
060 04 WB537^bค692ค 2551
245 00 คู่มือการนวดไทย : ในการสาธารณสุขมูลฐาน /^cโครงการฟื้นฟูการนวดไทย.
250    พิมพ์ครั้งที่ 7(ปรับปรุงแก้ไขครั้งที่ 4)
260    กรุงเทพฯ :^bหมอชาวบ้าน,^c2551.
300    188 หน้า :^bภาพประกอบ ;^c22 ซม.
650  7 การนวด^zไทย^xภาพ.
710 20 โครงการฟื้นฟูการนวดไทย.
945    ^p185^l0^i025229
945    ^p185^l0^i025230
945    ^p185^l0^i004021
945    ^p185^l0^i004020
945    ^p185^l0^i004022
945    ^p185^l0^i004023
945    ^p185^l0^i004024
995     ทศพร
999 ^a ใช้งานได้ทุกระบบ
รายการนี้ยังไม่มีแท็ก
คุณยังไม่ได้ล็อกอิน คุณสามารถมีกิจกรรมร่วมกับเว็บไซต์ได้ แต่ต้องล็อกอินก่อน ::
  ล็อกอิน

รายการสื่อสารสนเทศ

ลำดับที่ ประเภท เลขเรียก/บาร์โค้ด สถานที่ สถานะ
1. วิทยาศาสตร์การแพทย์ และสุขภาพ
วิทยาศาสตร์การแพทย์ และสุขภาพ
WB537 ค692ค 2551 ฉ.3 
  Barcode: 004020
ห้องสมุดวิทยาเขตนครสวรรค์
►นวนิยาย:l:Fiction
บนชั้น
2. วิทยาศาสตร์การแพทย์ และสุขภาพ
วิทยาศาสตร์การแพทย์ และสุขภาพ
WB537 ค692ค 2551 ฉ.4 
  Barcode: 004021
ห้องสมุดวิทยาเขตนครสวรรค์
►นวนิยาย:l:Fiction
บนชั้น
3. วิทยาศาสตร์การแพทย์ และสุขภาพ
วิทยาศาสตร์การแพทย์ และสุขภาพ
WB537 ค692ค 2551 ฉ.5 
  Barcode: 004022
ห้องสมุดวิทยาเขตนครสวรรค์
►นวนิยาย:l:Fiction
บนชั้น
4. วิทยาศาสตร์การแพทย์ และสุขภาพ
วิทยาศาสตร์การแพทย์ และสุขภาพ
WB537 ค692ค 2551 ฉ.6 
  Barcode: 004023
ห้องสมุดวิทยาเขตนครสวรรค์
►นวนิยาย:l:Fiction
บนชั้น
5. วิทยาศาสตร์การแพทย์ และสุขภาพ
วิทยาศาสตร์การแพทย์ และสุขภาพ
WB537 ค692ค 2551 ฉ.7 
  Barcode: 004024
ห้องสมุดวิทยาเขตนครสวรรค์
►นวนิยาย:l:Fiction
บนชั้น

BibComment


ยังไม่เคยถูกคอมเมนท์

คอมเมนท์ทรัพยากรรายการนี้
  คอมเมนท์: คู่มือการนวดไทย ..


 Copyright 2026. Bcnsprnw @Library